<?xml version="1.0" encoding="UTF-8"?>
<record
    xmlns:xsi="http://www.w3.org/2001/XMLSchema-instance"
    xsi:schemaLocation="http://www.loc.gov/MARC21/slim http://www.loc.gov/standards/marcxml/schema/MARC21slim.xsd"
    xmlns="http://www.loc.gov/MARC21/slim">

  <leader>03205nam a2200433 a 4500</leader>
  <controlfield tag="001">000108598</controlfield>
  <controlfield tag="003">CHAP</controlfield>
  <controlfield tag="005">20260226120205.0</controlfield>
  <controlfield tag="008">140226s2012    mx      sm   |||||||spa d</controlfield>
  <datafield tag="040" ind1=" " ind2=" ">
    <subfield code="c">CHAP</subfield>
  </datafield>
  <datafield tag="090" ind1=" " ind2=" ">
    <subfield code="a">Tesis</subfield>
  </datafield>
  <datafield tag="100" ind1="1" ind2=" ">
    <subfield code="a">Castro Morales, Mayte Nataly</subfield>
  </datafield>
  <datafield tag="245" ind1="1" ind2="0">
    <subfield code="a">Din&#xE1;mica sociodemogr&#xE1;fica de las localidades menores a 2,500 habitantes. Mexico 1930-2010 /</subfield>
    <subfield code="c">por Mayte Nataly Castro Morales; director Francisco Javier Ram&#xED;rez D&#xED;az.</subfield>
  </datafield>
  <datafield tag="264" ind1=" " ind2="1">
    <subfield code="a">Chapingo, M&#xE9;x. :</subfield>
    <subfield code="b">El autor,</subfield>
    <subfield code="c">2012.</subfield>
  </datafield>
  <datafield tag="300" ind1=" " ind2=" ">
    <subfield code="a">1 recurso en l&#xED;nea (123 p&#xE1;ginas).</subfield>
  </datafield>
  <datafield tag="336" ind1=" " ind2=" ">
    <subfield code="2">rdacontent</subfield>
    <subfield code="a">texto</subfield>
    <subfield code="b">txt</subfield>
  </datafield>
  <datafield tag="337" ind1=" " ind2=" ">
    <subfield code="2">rdamedia</subfield>
    <subfield code="a">computadora</subfield>
    <subfield code="b">c</subfield>
  </datafield>
  <datafield tag="338" ind1=" " ind2=" ">
    <subfield code="2">rdacarrier</subfield>
    <subfield code="a">recurso en l&#xED;nea</subfield>
    <subfield code="b">cr</subfield>
  </datafield>
  <datafield tag="502" ind1=" " ind2=" ">
    <subfield code="b">IAESR</subfield>
    <subfield code="c">Sociolog&#xED;a</subfield>
    <subfield code="d">2012.</subfield>
  </datafield>
  <datafield tag="520" ind1=" " ind2=" ">
    <subfield code="a">El trabajo tiene como prop&#xF3;sito acercarse al asunto de la migraci&#xF3;n rural-urbana, roceso eminentemente econ&#xF3;mico y determinante del comportamiento tanto de los procesos de ruralizaci&#xF3;n como los de urbanizaci&#xF3;n, en tanto ambos son expresiones de la distribuci&#xF3;n territorial de la poblaci&#xF3;n. Su objetivo general es ofrecer el an&#xE1;lisis del entorno social dinamizante de la poblaci&#xF3;n nacional en cuanto al comportamiento de los procesos demogr&#xE1;ficos y econ&#xF3;micos que dan origen a las pol&#xED;ticas relativas &#x2013; demogr&#xE1;fica y de distribuci&#xF3;n territorial&#x2013; que pretenden regular su movimiento; as&#xED;, es 
la delimitaci&#xF3;n te&#xF3;rico-pr&#xE1;ctica de los procesos tanto de reproducci&#xF3;n biol&#xF3;gica como de su distribuci&#xF3;n territorial lo que dirige el estudio de la din&#xE1;mica sociodemogr&#xE1;fica de las localidades rurales en M&#xE9;xico (1930-2010), que es influida directamente por las pol&#xED;ticas industrial y agraria cuya influencia explica las altas tasas de concentraci&#xF3;n y dispersi&#xF3;n de la poblaci&#xF3;n nacional, respectivamente. El an&#xE1;lisis realizado, a la luz de los procesos econ&#xF3;micos que lo direccionan, obliga necesariamente a tratar esta conducta poblacional como una variable social, pues las relaciones econ&#xF3;micas son sus determinantes, sea el camino tomado por lo demogr&#xE1;fico como el seguido por su distribuci&#xF3;n territorial. El trabajo encuentra la conjunci&#xF3;n efectiva y conceptual de la parte cuantitativa del fen&#xF3;meno poblacional &#x2013;la demograf&#xED;a&#x2013;, con su parte cualitativa expresada en t&#xE9;rminos de su distribuci&#xF3;n territorial, atributos sujetos por los factores econ&#xF3;micos que, a su vez, son determinados por el r&#xE9;gimen de producci&#xF3;n capitalista imperante.</subfield>
  </datafield>
  <datafield tag="590" ind1=" " ind2=" ">
    <subfield code="a">BATCH-UPD</subfield>
    <subfield code="b">10</subfield>
    <subfield code="c">20140324</subfield>
  </datafield>
  <datafield tag="590" ind1=" " ind2=" ">
    <subfield code="a">BATCH-UPD</subfield>
    <subfield code="b">10</subfield>
    <subfield code="c">20141002</subfield>
  </datafield>
  <datafield tag="590" ind1=" " ind2=" ">
    <subfield code="a">BATCH</subfield>
    <subfield code="b">00</subfield>
    <subfield code="c">20181121</subfield>
  </datafield>
  <datafield tag="590" ind1=" " ind2=" ">
    <subfield code="a">E11695DGD</subfield>
    <subfield code="b">10</subfield>
    <subfield code="c">20140304</subfield>
  </datafield>
  <datafield tag="590" ind1=" " ind2=" ">
    <subfield code="a">E6096MTM</subfield>
    <subfield code="b">05</subfield>
    <subfield code="c">20140226</subfield>
  </datafield>
  <datafield tag="590" ind1=" " ind2=" ">
    <subfield code="a">E6096MTM</subfield>
    <subfield code="b">05</subfield>
    <subfield code="c">20140226</subfield>
  </datafield>
  <datafield tag="650" ind1="1" ind2="4">
    <subfield code="a">Migraci&#xF3;n rural.</subfield>
  </datafield>
  <datafield tag="650" ind1="1" ind2="4">
    <subfield code="a">Pol&#xED;tica demogr&#xE1;fica</subfield>
    <subfield code="z">M&#xE9;xico.</subfield>
  </datafield>
  <datafield tag="650" ind1="1" ind2="4">
    <subfield code="a">Pol&#xED;tica econ&#xF3;mica</subfield>
    <subfield code="z">M&#xE9;xico.</subfield>
  </datafield>
  <datafield tag="650" ind1="1" ind2="4">
    <subfield code="a">Territorialidad humana.</subfield>
  </datafield>
  <datafield tag="650" ind1="1" ind2="4">
    <subfield code="a">Territorios</subfield>
    <subfield code="x">Aspectos sociales.</subfield>
  </datafield>
  <datafield tag="700" ind1="1" ind2=" ">
    <subfield code="a">Ram&#xED;rez D&#xED;az, Francisco Javier</subfield>
    <subfield code="e">director.</subfield>
  </datafield>
  <datafield tag="856" ind1=" " ind2=" ">
    <subfield code="u">http://10.13.5.2/tesis/sist108598.pdf</subfield>
    <subfield code="y">DESCARGAR PDF</subfield>
  </datafield>
  <datafield tag="901" ind1=" " ind2=" ">
    <subfield code="a">BK</subfield>
  </datafield>
  <datafield tag="942" ind1=" " ind2=" ">
    <subfield code="c">TD</subfield>
    <subfield code="2">Clasificai&#xF3;n Universidad Aut&#xF3;noma Chapingo</subfield>
  </datafield>
  <datafield tag="942" ind1=" " ind2=" ">
    <subfield code="2">Clasificaci&#xF3;n Universidad Aut&#xF3;noma Chapingo</subfield>
    <subfield code="c">TD</subfield>
  </datafield>
  <datafield tag="999" ind1=" " ind2=" ">
    <subfield code="c">105060</subfield>
    <subfield code="d">105060</subfield>
  </datafield>
  <datafield tag="952" ind1=" " ind2=" ">
    <subfield code="0">0</subfield>
    <subfield code="1">0</subfield>
    <subfield code="2">local</subfield>
    <subfield code="4">0</subfield>
    <subfield code="5">1</subfield>
    <subfield code="7">0</subfield>
    <subfield code="8">TesDigL</subfield>
    <subfield code="a">BD</subfield>
    <subfield code="b">BD</subfield>
    <subfield code="c">E_L</subfield>
    <subfield code="d">2026-02-12</subfield>
    <subfield code="l">0</subfield>
    <subfield code="o">Tesis digital</subfield>
    <subfield code="r">2026-02-12 13:42:52</subfield>
    <subfield code="w">2026-02-12</subfield>
    <subfield code="y">TD</subfield>
  </datafield>
</record>
